000 00327nam a22001457a 4500
008 231124b ||||| |||| 00| 0 eng d
020 _a9780060961718
041 _aeng
080 _a618
082 _a618HAR
100 _a15
101 _aGJINEK
245 _aREPRODUCTIVE RIGHTS AND WRONGS
_cHARTMANN.B
942 _2udc
_cBK
999 _c60520
_d60520